[Event "Reykjavik Open 2018"]
[Site "Reykjavik ISL"]
[Date "2018.03.13"]
[Round "8.39"]
[White "Der Manuelian, Haik"]
[Black "Kvamme, John A"]
[Result "1-0"]
[WhiteElo "2279"]
[BlackElo "2108"]
[WhiteFideId "2084015"]
[BlackFideId "1500562"]
[EventDate "2018.03.06"]

1. e4 g6 2. d4 Bg7 3. Nc3 a6 4. Nf3 d6 5. Be2 Nf6 6. O-O O-O 7. Re1 Nc6 8. Bg5
h6 9. Bf4 Nh5 10. Be3 e5 11. dxe5 dxe5 12. Qxd8 Rxd8 13. Nd5 Bg4 14. Nxc7 Rac8
15. Nd5 Nf4 16. Bxf4 exf4 17. c3 Re8 18. h3 Bxf3 19. Bxf3 Be5 20. Rad1 Rcd8 21.
Rd3 Kg7 22. Red1 Bb8 23. Nb6 Rxd3 24. Rxd3 Ne5 25. Rd5 Re7 26. Kf1 Bc7 27. Na4
Nc4 28. b3 Nb6 29. Nxb6 Bxb6 30. c4 Bc7 31. b4 Be5 32. Ke2 f6 33. Kd3 Rc7 34.
Bg4 h5 35. Bd7 Kf8 36. c5 Ke7 37. Ba4 g5 38. Bd1 h4 39. Bg4 Ke8 40. a4 Ke7 41.
f3 Ke8 42. b5 axb5 43. axb5 b6 44. cxb6 Rb7 45. Kc4 Rxb6 46. Kc5 Rb8 47. b6 Rd8
48. Rxe5+ fxe5 49. b7 Rb8 50. Bc8 Ke7 51. Kd5 1-0

[Event "Reykjavik Open 2018"]
[Site "Reykjavik ISL"]
[Date "2018.03.13"]
[Round "8.40"]
[White "Grant, David J"]
[Black "Kumar, Nikhil"]
[Result "0-1"]
[BlackTitle "FM"]
[WhiteElo "2068"]
[BlackElo "2277"]
[WhiteFideId "403717"]
[BlackFideId "30909040"]
[EventDate "2018.03.06"]

1. e4 c6 2. d4 d5 3. Nd2 dxe4 4. Nxe4 Bf5 5. Ng3 Bg6 6. h4 h6 7. Nf3 e6 8. Ne5
Bh7 9. Bd3 Bxd3 10. Qxd3 Nd7 11. f4 Ngf6 12. Bd2 Be7 13. O-O-O c5 14. Ne2 Qc7
15. Qf3 Rf8 16. f5 cxd4 17. Nxd7 Qxd7 18. fxe6 fxe6 19. Bf4 Qd5 20. Nxd4 Qxf3
21. gxf3 Nh5 22. Bd2 Kf7 23. Rde1 Bf6 24. Nxe6 Rfe8 25. Nc5 Ng3 26. Rh2 Nf5 27.
h5 Nd4 28. Rxe8 Rxe8 29. Nxb7 Be5 30. f4 Bc7 31. c3 Nf3 32. Rf2 Nxd2 33. Rxd2
Kf6 34. Nd6 Re6 0-1

[Event "Reykjavik Open 2018"]
[Site "Reykjavik ISL"]
[Date "2018.03.13"]
[Round "8.41"]
[White "Bucher, Grant W"]
[Black "Doluhanova, Evgeniya"]
[Result "1/2-1/2"]
[BlackTitle "WGM"]
[WhiteElo "2121"]
[BlackElo "2275"]
[WhiteFideId "413810"]
[BlackFideId "14112035"]
[EventDate "2018.03.06"]

1. e4 c5 2. Nf3 Nc6 3. Bb5 g6 4. Bxc6 bxc6 5. O-O Bg7 6. Re1 Nh6 7. c3 O-O 8. d4
cxd4 9. cxd4 d5 10. e5 f6 11. exf6 exf6 12. h3 Nf5 13. b3 Bd7 14. Nc3 Re8 15.
Ba3 h5 16. Rxe8+ Bxe8 17. Qd3 Nd6 18. Bxd6 Qxd6 19. Na4 Rc8 20. Nc5 Rc7 21. Re1
Bf7 22. Qa6 Bf8 23. b4 g5 24. a3 g4 25. hxg4 hxg4 26. Nh4 g3 27. Qe2 Qf4 28. Nf3
Re7 29. fxg3 Qxg3 30. Qf2 Qg4 31. Rxe7 Bxe7 32. Qh4 Qg6 33. Qf4 Qb1+ 34. Kh2
Qh7+ 35. Kg1 Qb1+ 36. Kh2 Qh7+ 37. Kg1 1/2-1/2

[Event "Reykjavik Open 2018"]
[Site "Reykjavik ISL"]
[Date "2018.03.13"]
[Round "8.42"]
[White "Soham, Das"]
[Black "Arnarsson, Hrannar"]
[Result "0-1"]
[WhiteElo "2275"]
[BlackElo "2029"]
[WhiteFideId "35026763"]
[BlackFideId "2301121"]
[EventDate "2018.03.06"]

1. e4 e6 2. d4 d5 3. Nc3 dxe4 4. Nxe4 Nd7 5. Nf3 Ngf6 6. Nxf6+ Nxf6 7. Bc4 c5 8.
O-O Bd7 9. Qe2 cxd4 10. Rd1 Bc5 11. Nxd4 Qb6 12. c3 O-O 13. Bg5 Nd5 14. a4 a6
15. Kh1 Rac8 16. Rd2 h6 17. Bxh6 gxh6 18. Qg4+ Kh7 19. Bxd5 f5 20. Nxf5 exf5 21.
Bg8+ Rxg8 22. Rxd7+ Kh8 23. Qxf5 Qg6 24. Qe5+ Rg7 25. Rxg7 Qxg7 26. Qf5 Rg8 27.
g3 Qg5 28. Qe6 Bxf2 29. Rf1 Rf8 30. Kg2 Bc5 31. Rxf8+ Bxf8 32. Kf3 a5 33. Ke4
Qe7 34. Kd5 Qxe6+ 35. Kxe6 Kg7 36. Kd7 Bc5 37. Kc7 b6 38. b4 Bxb4 0-1

[Event "Reykjavik Open 2018"]
[Site "Reykjavik ISL"]
[Date "2018.03.13"]
[Round "8.43"]
[White "Carlsen, Henrik"]
[Black "Ragnarsson, Dagur"]
[Result "1/2-1/2"]
[BlackTitle "FM"]
[WhiteElo "2031"]
[BlackElo "2236"]
[WhiteFideId "1502832"]
[BlackFideId "2304058"]
[EventDate "2018.03.06"]

1. d4 d5 2. c4 e6 3. Nc3 c6 4. Nf3 dxc4 5. e4 b5 6. a4 Bb4 7. Be2 Nf6 8. Bg5
Nbd7 9. axb5 cxb5 10. O-O Bxc3 11. bxc3 h6 12. Bxf6 Nxf6 13. Qb1 a6 14. Ne5 Bb7
15. f3 Rb8 16. Qb4 Qe7 17. Rfb1 Qxb4 18. Rxb4 Nd7 19. Nxc4 Ke7 20. Na5 Ba8 21.
Rab1 f5 22. exf5 exf5 23. Bd3 Kf6 24. Kf2 Bd5 25. c4 bxc4 26. Nxc4 Bxc4 27. Bxc4
a5 28. Rb7 a4 29. R1b5 Rxb7 30. Rxb7 Rc8 31. Bb5 Rc2+ 32. Be2 Nf8 33. Ra7 Ne6
34. Ke3 Ra2 35. Ra6 f4+ 36. Kd3 Ke7 37. Bd1 Rxg2 38. Bxa4 Rxh2 39. Bb3 Nc7 40.
Rc6 Ne8 41. Ke4 Rb2 42. Ba4 Rb4 43. Bc2 h5 44. Kxf4 Rxd4+ 45. Kg3 h4+ 46. Kh3
Rf4 47. Rg6 Kf7 48. Rg4 Rxg4 49. Kxg4 g5 50. f4 Nf6+ 51. Kxg5 h3 52. Bd1 Ne4+
53. Kh4 h2 54. Bf3 Nf2 55. Kg3 1/2-1/2

[Event "Reykjavik Open 2018"]
[Site "Reykjavik ISL"]
[Date "2018.03.13"]
[Round "8.44"]
[White "Lorscheid, Gerhard"]
[Black "Birkisson, Bjorn Holm"]
[Result "0-1"]
[WhiteTitle "FM"]
[WhiteElo "2228"]
[BlackElo "2022"]
[WhiteFideId "4606000"]
[BlackFideId "2310600"]
[EventDate "2018.03.06"]

1. d4 g6 2. c4 Bg7 3. e4 e5 4. d5 d6 5. Bd3 Ne7 6. Nc3 f5 7. h4 h6 8. h5 g5 9.
exf5 Bxf5 10. Nge2 O-O 11. Ng3 Bxd3 12. Qxd3 Na6 13. Be3 c6 14. dxc6 Nb4 15. Qe4
bxc6 16. c5 d5 17. Qxb4 Rb8 18. Qa4 d4 19. Rd1 Qc7 20. Bd2 dxc3 21. Bxc3 Nd5 22.
Ne4 Rf4 23. Bd2 Rb4 24. Bxb4 Rxe4+ 25. Kf1 Rxb4 26. Qc2 Qf7 27. Rh3 e4 28. Rb3
Rxb3 29. Qxb3 e3 30. f3 g4 31. Rxd5 Qxd5 32. Qxd5+ cxd5 33. c6 Be5 0-1

[Event "Reykjavik Open 2018"]
[Site "Reykjavik ISL"]
[Date "2018.03.13"]
[Round "8.45"]
[White "Roe, Simon J"]
[Black "Arnalds, Stefan"]
[Result "1-0"]
[WhiteElo "2221"]
[BlackElo "1999"]
[WhiteFideId "401471"]
[BlackFideId "2304821"]
[EventDate "2018.03.06"]

1. c4 Nf6 2. Nc3 g6 3. g3 Bg7 4. Bg2 O-O 5. d4 c5 6. Nf3 cxd4 7. Nxd4 Nc6 8. O-O
Qa5 9. Nb3 Qh5 10. Nd5 d6 11. Nf4 Qe5 12. Re1 a5 13. a4 Be6 14. Bd2 Bxc4 15. Bc3
Bxb3 16. Qxb3 Qc5 17. Qxb7 Nb4 18. Bxb4 axb4 19. Nd3 Qh5 20. Qxe7 Rae8 21. Qxd6
Rxe2 22. Nf4 Rxe1+ 23. Rxe1 Qa5 24. b3 Rd8 25. Qc6 Qa7 26. h3 Qd4 27. Qf3 h5 28.
Bf1 h4 29. Bc4 hxg3 30. Qxg3 Ne4 31. Bxf7+ Kxf7 32. Qxg6+ Kg8 33. Rxe4 Qd1+ 34.
Kg2 1-0

[Event "Reykjavik Open 2018"]
[Site "Reykjavik ISL"]
[Date "2018.03.13"]
[Round "8.47"]
[White "Magnusson, Magnus"]
[Black "Nebolsina, Vera"]
[Result "1/2-1/2"]
[BlackTitle "WGM"]
[WhiteElo "2023"]
[BlackElo "2211"]
[WhiteFideId "2302128"]
[BlackFideId "4163591"]
[EventDate "2018.03.06"]

1. e4 c5 2. Nc3 d6 3. g3 Nc6 4. Bg2 g6 5. d3 Bg7 6. Be3 e5 7. Qd2 Nf6 8. Bh6
Bxh6 9. Qxh6 Nd4 10. Qd2 h5 11. h3 Be6 12. Nd5 Nxd5 13. exd5 Bd7 14. c3 Nf5 15.
Ne2 Qf6 16. Rf1 g5 17. O-O-O Ne7 18. Kb1 Qg6 19. Ka1 Rc8 20. Rc1 c4 21. dxc4
Rxc4 22. b3 Rc8 23. c4 g4 24. h4 Qh6 25. Qb4 b6 26. Rfd1 O-O 27. Nc3 f5 28. Ne2
Qf6 29. Kb1 f4 30. gxf4 Bf5+ 31. Rc2 Qg6 32. Rd2 Bxc2+ 33. Rxc2 exf4 34. Nd4 f3
35. Bf1 Qf6 36. Ne6 Nf5 37. Nxf8 Rxf8 38. Qd2 Nxh4 39. Rc1 Ng6 40. Qh6 Nf4 41.
Qxf6 Rxf6 42. b4 h4 43. c5 dxc5 44. bxc5 bxc5 45. Bc4 Kf8 46. Kc2 g3 1/2-1/2

[Event "Reykjavik Open 2018"]
[Site "Reykjavik ISL"]
[Date "2018.03.13"]
[Round "8.48"]
[White "Thurlow, Kevin J"]
[Black "Loew, Gerald"]
[Result "0-1"]
[WhiteTitle "CM"]
[BlackTitle "FM"]
[WhiteElo "1999"]
[BlackElo "2204"]
[WhiteFideId "406104"]
[BlackFideId "4615875"]
[EventDate "2018.03.06"]

1. c4 e5 2. Nc3 d6 3. e3 f5 4. Nge2 Nf6 5. d4 Be7 6. g3 O-O 7. Bg2 c6 8. O-O Be6
9. b3 Bf7 10. Qc2 g6 11. Bb2 Nbd7 12. Rad1 Qc7 13. Qb1 a6 14. Rd2 Rad8 15. Rc1
Rfe8 16. e4 fxe4 17. Nxe4 Nxe4 18. Bxe4 Bg5 19. f4 exf4 20. gxf4 d5 21. Bxd5
cxd5 22. fxg5 dxc4 23. bxc4 Qa5 24. Qd3 Qxg5+ 25. Ng3 Re3 26. Qc2 Rde8 27. Rf1
Re1 28. Rf2 Rxf1+ 29. Kxf1 Be6 30. Qc3 Bh3+ 31. Kg1 Re3 32. Qd2 Nf6 33. Bc1
Rxg3+ 34. hxg3 Qxg3+ 35. Kh1 Ne4 36. Rg2 Bxg2+ 37. Qxg2 Nf2+ 38. Kg1 Qxg2+ 39.
Kxg2 Nd3 40. Bg5 Kf7 41. Kf3 b5 42. cxb5 axb5 43. Ke4 Nb4 44. a3 Nc2 45. Bc1 Ke6
46. d5+ Kd6 47. Bh6 Kd7 48. Bf8 h5 49. Kf4 Nd4 50. Kg5 Nf3+ 51. Kf4 Nd2 52. Bb4
Nc4 53. Bc5 h4 54. Kg4 g5 55. Kxg5 h3 56. Bg1 Kd6 57. Kh4 Kxd5 58. Kxh3 Nxa3 59.
Be3 Nc4 60. Bc1 Ke4 61. Kg3 b4 62. Kf2 Kd3 63. Ke1 b3 64. Kd1 Ne3+ 65. Ke1 Kc2
66. Ba3 Nc4 0-1

[Event "Reykjavik Open 2018"]
[Site "Reykjavik ISL"]
[Date "2018.03.13"]
[Round "8.49"]
[White "Goldammer, Christian"]
[Black "Laustsen, Lars"]
[Result "0-1"]
[WhiteElo "1885"]
[BlackElo "2201"]
[WhiteFideId "30947200"]
[BlackFideId "1407554"]
[EventDate "2018.03.06"]

1. e4 c5 2. Nf3 d6 3. d4 cxd4 4. Nxd4 Nf6 5. Nc3 a6 6. Be2 e5 7. Nb3 Be7 8. O-O
O-O 9. Be3 Be6 10. Qd3 Nc6 11. Rfd1 Rc8 12. Bg5 Nb4 13. Qd2 d5 14. Bxf6 Bxf6 15.
Nxd5 Nxc2 16. Rac1 Bg5 17. f4 Bxd5 18. Rxc2 Qb6+ 19. Kf1 Bxf4 20. Rxc8 Bxd2 21.
Rxf8+ Kxf8 22. exd5 Bb4 23. a3 Bd6 24. Nd2 Bc5 25. Nc4 Qf6+ 26. Ke1 b5 27. Na5
Qf2+ 28. Kd2 Be3+ 29. Kd3 e4+ 0-1

[Event "Reykjavik Open 2018"]
[Site "Reykjavik ISL"]
[Date "2018.03.13"]
[Round "8.50"]
[White "Ptacnikova, Lenka"]
[Black "Davidsson, Oskar Vikingur"]
[Result "1-0"]
[WhiteTitle "WGM"]
[WhiteElo "2200"]
[BlackElo "1882"]
[WhiteFideId "305650"]
[BlackFideId "2310627"]
[EventDate "2018.03.06"]

1. c4 c5 2. g3 e5 3. Bg2 Nc6 4. Nc3 g6 5. a3 Bg7 6. b4 d6 7. Rb1 Nge7 8. d3 O-O
9. Bd2 Kh8 10. h4 h6 11. h5 g5 12. bxc5 dxc5 13. Ne4 b6 14. Bxg5 hxg5 15. h6 f6
16. Qd2 Bf5 17. f4 exf4 18. gxf4 g4 19. Ng3 Qd7 20. e4 Bxh6 21. exf5 Kg7 22. Qe2
Bxf4 23. Nh5+ Kg8 24. Qxg4+ Bg5 25. Nxf6+ Rxf6 26. Qxg5+ Rg6 27. fxg6 Qxd3 28.
Bd5+ 1-0

[Event "Reykjavik Open 2018"]
[Site "Reykjavik ISL"]
[Date "2018.03.13"]
[Round "8.51"]
[White "Kjartansson, Gudmundur"]
[Black "Reynolds, D Ian W"]
[Result "1-0"]
[WhiteTitle "IM"]
[WhiteElo "2432"]
[BlackElo "1999"]
[WhiteFideId "2301318"]
[BlackFideId "410705"]
[EventDate "2018.03.06"]

1. Nf3 d5 2. g3 Bg4 3. Bg2 Nd7 4. O-O Ngf6 5. c4 c6 6. cxd5 cxd5 7. Nc3 e6 8. d3
Be7 9. h3 Bxf3 10. Bxf3 O-O 11. Bd2 Qb6 12. Rb1 a5 13. Qa4 Ne5 14. Bg2 Nc6 15.
Rfc1 h6 16. Kf1 Bc5 17. Be1 Rfc8 18. Qb5 Qxb5 19. Nxb5 Be7 20. f4 Ne8 21. e4
dxe4 22. dxe4 Nd6 23. Nxd6 Bxd6 24. e5 Bf8 25. Rc4 Nb4 26. Rxc8 Rxc8 27. Bxb7 1-0

[Event "Reykjavik Open 2018"]
[Site "Reykjavik ISL"]
[Date "2018.03.13"]
[Round "8.52"]
[White "Foisor, Sabina-Francesca"]
[Black "Valette, Christian"]
[Result "1-0"]
[WhiteTitle "WGM"]
[WhiteElo "2326"]
[BlackElo "2022"]
[WhiteFideId "1212915"]
[BlackFideId "613940"]
[EventDate "2018.03.06"]

1. d4 e6 2. c4 f5 3. g3 Nf6 4. Bg2 d5 5. Nf3 c6 6. O-O Bd6 7. Bf4 Bxf4 8. gxf4
O-O 9. Qc2 Ne4 10. Ne5 Nd7 11. f3 Nd6 12. b3 Nf7 13. e3 Ndxe5 14. fxe5 f4 15.
Nc3 fxe3 16. c5 Nh6 17. Qd3 Qh4 18. Ne2 Nf5 19. f4 b6 20. Rf3 a5 21. Ng3 Ba6 22.
Nxf5 Rxf5 23. Qxe3 bxc5 24. Bh3 cxd4 25. Qxd4 Rg5+ 26. Kh1 Rg6 27. Rg1 Rxg1+ 28.
Qxg1 Qe7 29. Rc3 Bb7 30. Qc5 Re8 31. Qxe7 Rxe7 32. Rc5 Kf7 33. Kg1 g5 34. fxg5
Kg6 35. Rxa5 Kxg5 36. Ra4 c5 37. Rg4+ Kh5 38. Rf4 d4 39. Kf2 Bd5 40. Bg4+ Kg5
41. Kg3 Kg6 42. h4 Kg7 43. h5 Ra7 44. Rf6 Rxa2 45. Bxe6 Bxe6 46. h6+ Kg8 47.
Rxe6 Ra3 48. Rc6 Rxb3+ 49. Kf4 Rh3 50. e6 Kf8 51. Ke5 d3 52. Kd6 Rxh6 53. Kd7 d2
54. Rd6 1-0

[Event "Reykjavik Open 2018"]
[Site "Reykjavik ISL"]
[Date "2018.03.13"]
[Round "8.53"]
[White "Ragnarsson, Johann"]
[Black "Heimisson, Hilmir Freyr"]
[Result "1/2-1/2"]
[BlackTitle "CM"]
[WhiteElo "1985"]
[BlackElo "2224"]
[WhiteFideId "2301040"]
[BlackFideId "2309998"]
[EventDate "2018.03.06"]

1. d4 d5 2. c4 Nc6 3. cxd5 Qxd5 4. e3 e5 5. Nc3 Bb4 6. Bd2 Bxc3 7. Bxc3 exd4 8.
Ne2 Bg4 9. f3 Bxf3 10. gxf3 Qxf3 11. Nxd4 Qxh1 12. Qb3 Nxd4 13. Bxd4 O-O-O 14.
O-O-O Qc6+ 15. Kb1 Rxd4 16. Rxd4 Nh6 17. a3 a6 18. Rc4 Qh1 19. Rc1 Qe4+ 20. Bd3
Qe5 21. Qb4 f5 22. Rc3 Re8 23. Rb3 Qd5 24. Bc4 Qe4+ 25. Ka1 Rd8 26. Rc3 b5 27.
Qa5 Qb7 28. Be6+ Kb8 29. a4 Qb6 30. Qxb6+ cxb6 31. axb5 axb5 32. Ba2 Ng4 33. Bb1
g6 34. h3 Nf2 35. h4 Rc8 36. Rxc8+ Kxc8 37. Ba2 Ng4 38. Bg8 Nf6 39. Bb3 Kd7 40.
Kb1 h6 41. Kc2 g5 42. hxg5 hxg5 43. Kd3 Kd6 44. Kd4 g4 45. Bd1 Ne4 46. Bxg4 fxg4
47. Kxe4 b4 48. Kf4 Kd5 49. e4+ Kd4 50. e5 Kd5 51. Kf5 g3 52. e6 g2 53. e7 g1=Q
54. e8=Q Qf2+ 55. Kg6 Qxb2 56. Qb5+ Ke4 57. Qf5+ Ke3 58. Qh3+ Kd2 59. Qg2+ Kc1
60. Qh1+ Kc2 61. Qe4+ Kb3 62. Qd5+ Kc3 63. Qe5+ Kc2 64. Qe4+ Kd2 65. Qg2+ Kc1
66. Qh1+ Kc2 67. Qe4+ 1/2-1/2

[Event "Reykjavik Open 2018"]
[Site "Reykjavik ISL"]
[Date "2018.03.13"]
[Round "8.54"]
[White "Johannsson, Orn Leo"]
[Black "Swati, Mohota"]
[Result "1/2-1/2"]
[BlackTitle "WFM"]
[WhiteElo "2206"]
[BlackElo "1991"]
[WhiteFideId "2303051"]
[BlackFideId "5006511"]
[EventDate "2018.03.06"]

1. d4 d5 2. c4 c6 3. Nf3 Nf6 4. e3 Bg4 5. cxd5 Bxf3 6. Qxf3 Qxd5 7. Nc3 Qxf3 8.
gxf3 e6 9. Rg1 Nbd7 10. f4 g6 11. Bd2 Bb4 12. Bg2 Nb6 13. a3 Bxc3 14. bxc3 Nc4
15. Bc1 Nd5 16. Bf1 b5 17. Bd2 Kd7 18. Bd3 Rhc8 19. Ke2 Nxd2 20. Kxd2 Rab8 21.
Rgb1 a5 22. c4 bxc4 23. Bxc4 Rxb1 24. Rxb1 Kc7 25. Kc2 Rb8 26. Rh1 Nf6 27. f3
Nd5 28. Bxd5 cxd5 29. h4 a4 30. Rb1 Rxb1 31. Kxb1 Kb6 32. Kc2 Kb5 33. Kc3 f5 34.
Kd3 h5 35. Kc3 Ka5 36. Kd3 1/2-1/2

[Event "Reykjavik Open 2018"]
[Site "Reykjavik ISL"]
[Date "2018.03.13"]
[Round "8.55"]
[White "Sikkel, Dirk"]
[Black "Bergsson, Stefan"]
[Result "1-0"]
[WhiteElo "1937"]
[BlackElo "2201"]
[WhiteFideId "1050079"]
[BlackFideId "2301393"]
[EventDate "2018.03.06"]

1. e4 g6 2. d4 Bg7 3. Nc3 d6 4. f4 Nd7 5. Nf3 e6 6. Bd3 Ne7 7. O-O a6 8. Be3 b5
9. a4 b4 10. Ne2 c5 11. c3 a5 12. Ng3 cxd4 13. cxd4 Nf6 14. h3 h5 15. Ng5 h4 16.
Ne2 d5 17. e5 Nd7 18. Qc2 Qb6 19. Bf2 Ba6 20. Bxa6 Qxa6 21. Nf3 Nf5 22. Rac1 Bf8
23. Qc6 Qxc6 24. Rxc6 Be7 25. Rfc1 O-O 26. b3 Rfb8 27. R1c2 Kf8 28. Nc1 Ke8 29.
Nd3 Kd8 30. Kf1 Rc8 31. Rxc8+ Rxc8 32. Rxc8+ Kxc8 33. Ke2 Nb8 34. Nde1 Nc6 35.
Kd3 Bd8 36. Nc2 Kd7 37. Ne3 Nce7 38. Bxh4 Nc8 39. Bxd8 Kxd8 40. g4 Nfe7 41. Nf1
Ng8 42. Ng3 Nh6 43. Ke3 Ne7 44. Nh4 Kd7 45. Ne2 Kc6 46. Kf3 Nc8 47. Kg3 Nb6 48.
Nc1 Ng8 49. f5 exf5 50. gxf5 g5 51. Nf3 Nh6 52. f6 Kd7 53. Nd3 Ke6 54. Nxg5+ Kf5
55. h4 Kg6 56. Kf4 Kh5 57. e6 fxe6 58. f7 Nd7 59. Nc5 Nf8 60. Ke5 Kxh4 61. Ncxe6
Ng4+ 62. Kxd5 Nf6+ 63. Kd6 1-0

[Event "Reykjavik Open 2018"]
[Site "Reykjavik ISL"]
[Date "2018.03.13"]
[Round "8.56"]
[White "Maxion, Dirk"]
[Black "Mai, Alexander Oliver"]
[Result "1-0"]
[WhiteTitle "FM"]
[WhiteElo "2187"]
[BlackElo "1995"]
[WhiteFideId "4601777"]
[BlackFideId "2313391"]
[EventDate "2018.03.06"]

1. e4 c6 2. d4 d5 3. Nd2 dxe4 4. Nxe4 Bf5 5. Ng3 Bg6 6. h4 h6 7. Nf3 Nd7 8. h5
Bh7 9. Bd3 Bxd3 10. Qxd3 e6 11. Bd2 Ngf6 12. O-O-O Be7 13. Kb1 Qb6 14. Rhe1 O-O
15. Nf5 exf5 16. Rxe7 Qd8 17. Re2 Ne4 18. Bf4 Ndf6 19. Ne5 Nxh5 20. Bc1 Qh4 21.
Qf3 Ng5 22. Qxf5 g6 23. Qd7 Nf4 24. g3 Qh5 25. Ng4 f5 26. Nxh6+ Kh8 27. Bxf4
Qxh6 28. Re7 Qh5 29. Be5+ Kg8 30. Rg7+ Kh8 31. Rh7+ 1-0

[Event "Reykjavik Open 2018"]
[Site "Reykjavik ISL"]
[Date "2018.03.13"]
[Round "8.57"]
[White "Frank, Tena"]
[Black "Finsterwalder, Sebastian"]
[Result "0-1"]
[WhiteTitle "WFM"]
[WhiteElo "1921"]
[BlackElo "2187"]
[WhiteFideId "4624297"]
[BlackFideId "24632090"]
[EventDate "2018.03.06"]

1. d4 d5 2. c4 c6 3. Nc3 Nf6 4. Nf3 dxc4 5. a4 Bf5 6. e3 e6 7. Bxc4 Bb4 8. O-O
O-O 9. Ne2 Nbd7 10. Ng3 Qe7 11. Nh4 Bg6 12. Nxg6 hxg6 13. e4 e5 14. Bd2 Rad8 15.
Bc3 Nb6 16. Qb3 Bxc3 17. bxc3 exd4 18. Bd3 dxc3 19. Qxc3 Nbd7 20. Rfc1 Qe5 21.
Qa3 Qa5 22. Rab1 Nb6 23. Bc2 Rfe8 24. Rb4 Nfd7 25. Ne2 Ne5 26. Rd4 c5 27. Rxd8
Rxd8 28. Qg3 c4 29. h4 Rd2 30. Kf1 Nbd7 31. Qe3 Nf6 32. Nc3 Rd8 33. Rb1 Nd3 34.
Nd1 Qe5 35. Rxb7 Ng4 36. Qg3 Qxe4 37. Bxd3 Qxb7 38. Qxg4 cxd3 39. Qg5 Re8 40.
Qg3 Qb4 0-1

[Event "Reykjavik Open 2018"]
[Site "Reykjavik ISL"]
[Date "2018.03.13"]
[Round "8.59"]
[White "Loftsson, Hrafn"]
[Black "Zhou, Aiden"]
[Result "1/2-1/2"]
[WhiteElo "2169"]
[BlackElo "1977"]
[WhiteFideId "2300729"]
[BlackFideId "2618826"]
[EventDate "2018.03.06"]

1. Nf3 Nf6 2. c4 g6 3. Nc3 Bg7 4. d4 O-O 5. e4 d6 6. Be2 e5 7. O-O Nc6 8. d5 Ne7
9. Ne1 Nd7 10. Be3 f5 11. f3 f4 12. Bf2 g5 13. c5 Nxc5 14. b4 Na6 15. Nd3 h5 16.
Rc1 Bd7 17. a4 Ng6 18. Nb5 Rf7 19. Be1 Bf6 20. Nf2 Rg7 21. Rc4 Bc8 22. Qc2 Qd7
23. Bd2 Nh8 24. h3 Bd8 25. Rc1 Nf7 26. Kf1 Qe8 27. Qd3 Bd7 28. R4c2 Rg6 29. Qb3
Kg7 30. Ke1 Nh6 31. Kd1 Kh7 32. Be1 c5 33. dxc6 bxc6 34. Na3 Nc7 35. b5 c5 36.
Nc4 Be7 37. Na5 Ne6 38. Bc3 Kg7 39. Bc4 Rb8 40. Qa2 Nd4 41. Bxd4 exd4 42. Bd5
Nf7 43. Nc6 Bxc6 44. Bxc6 Qd8 45. Nd3 Bf6 46. Bd5 Ne5 47. Nxe5 Bxe5 48. Bf7 Rh6
49. Be6 Qa5 50. Ke2 Rhh8 51. Bd7 Qd8 52. Bf5 Re8 53. Kd3 Qa5 54. Bd7 Re7 55. Bc6
Rh8 56. Rh1 Kf6 57. Bd5 Qb6 58. Qc4 Qa5 59. Qb3 Rg7 60. Be6 Re7 61. Bd5 Rc7 62.
Qc4 Ke7 63. Bf7 Kd8 64. Be6 Ke7 65. Bf7 Kd8 66. Be6 Rb7 67. Bd5 Re7 68. Be6 Kc7
69. Bd5 Kb8 70. Be6 Qb4 71. Qxb4 cxb4 72. Bd5 Rc8 73. Rxc8+ Kxc8 74. Rc1+ Rc7
75. Rxc7+ Kxc7 76. Kc4 b3 77. Kxb3 d3 78. Bc4 d2 79. Be2 Bd4 80. Kc4 Bb6 81. Kb4
Be3 82. a5 Kb7 83. Kc4 Kc7 84. Bd1 1/2-1/2

[Event "Reykjavik Open 2018"]
[Site "Reykjavik ISL"]
[Date "2018.03.13"]
[Round "8.60"]
[White "Fivelstad, Jon Olav"]
[Black "Ingebretsen, Jens E"]
[Result "1-0"]
[WhiteElo "1916"]
[BlackElo "2132"]
[WhiteFideId "1510339"]
[BlackFideId "1522965"]
[EventDate "2018.03.06"]

1. e4 e5 2. Bc4 Nf6 3. d3 Nc6 4. Nf3 Bc5 5. O-O a6 6. c3 Ba7 7. Bb3 d6 8. Be3
Ne7 9. Nbd2 h6 10. Re1 g5 11. Bxa7 Rxa7 12. Nf1 Bg4 13. h3 Bd7 14. d4 Ng6 15.
dxe5 dxe5 16. Qd2 Ra8 17. Rad1 Qe7 18. Ng3 Rd8 19. Nf5 Qc5 20. Nxh6 g4 21. hxg4
Rxh6 22. Qxh6 Nxg4 23. Qh7 Qxf2+ 24. Kh1 Nh6 25. Qxh6 Ke7 26. Rf1 Qe2 27. Rde1
Qxb2 28. Qc1 Qxc1 29. Rxc1 Nf4 30. Rc2 f6 31. Re1 Bb5 32. c4 Bc6 33. Rd2 Rg8 34.
Kh2 Rg4 35. Bd1 Ng6 36. Bc2 Nf4 37. g3 Nh5 38. Rg2 Ke8 39. Nd2 Ke7 40. Bd1 Rg5
41. Nf3 Rg7 42. Nxe5 Rh7 43. Nxc6+ 1-0

[Event "Reykjavik Open 2018"]
[Site "Reykjavik ISL"]
[Date "2018.03.13"]
[Round "8.61"]
[White "Coleman, David J"]
[Black "Mai, Aron Thor"]
[Result "0-1"]
[WhiteTitle "CM"]
[WhiteElo "2107"]
[BlackElo "1975"]
[WhiteFideId "402087"]
[BlackFideId "2313383"]
[EventDate "2018.03.06"]

1. e4 c6 2. d4 d5 3. exd5 cxd5 4. c4 Nf6 5. Nc3 Nc6 6. Bg5 Ne4 7. Nxe4 dxe4 8.
d5 Ne5 9. Qd4 f6 10. Bf4 Ng4 11. Qd2 e5 12. dxe6 Qb6 13. a3 Bc5 14. Nh3 a5 15.
O-O-O Bxe6 16. Bd6 e3 17. Qd3 O-O-O 18. Bxc5 Qxc5 19. Qc2 Bf5 20. Rxd8+ Rxd8 21.
Qc3 Rd2 22. fxe3 Rc2+ 0-1

[Event "Reykjavik Open 2018"]
[Site "Reykjavik ISL"]
[Date "2018.03.13"]
[Round "8.62"]
[White "Jonsson, Gauti Pall"]
[Black "Mancini, Giustino"]
[Result "1-0"]
[WhiteElo "2104"]
[BlackElo "1905"]
[WhiteFideId "2309092"]
[BlackFideId "806285"]
[EventDate "2018.03.06"]

1. e4 d5 2. exd5 Qxd5 3. Nc3 Qd6 4. d4 c6 5. Bc4 Nf6 6. Nge2 Bf5 7. O-O e6 8.
Bf4 Qb4 9. Bb3 Be7 10. Bc7 b6 11. a3 Qa5 12. Bc4 c5 13. Bb5+ Nbd7 14. dxc5 Bxc5
15. b4 Bxb4 16. axb4 Qxb4 17. Ra4 Qb2 18. Rd4 Nd5 19. Rxd5 exd5 20. Qxd5 O-O 21.
Qxf5 Nc5 22. Bd6 Rfc8 23. Bc4 Ne6 24. Bxe6 fxe6 25. Qxe6+ Kh8 26. Qe4 b5 27. Rb1 1-0

[Event "Reykjavik Open 2018"]
[Site "Reykjavik ISL"]
[Date "2018.03.13"]
[Round "8.63"]
[White "Buscar, Michael"]
[Black "Jacobsen, Heidrikur T."]
[Result "1-0"]
[WhiteElo "2099"]
[BlackElo "1887"]
[WhiteFideId "2603616"]
[BlackFideId "7200340"]
[EventDate "2018.03.06"]

1. d4 Nf6 2. c4 g6 3. Nc3 Bg7 4. Nf3 O-O 5. e4 d6 6. h3 a5 7. Be3 Nc6 8. Be2 e5
9. d5 Ne7 10. Qd2 Ne8 11. g4 f5 12. gxf5 gxf5 13. Bg5 f4 14. O-O-O h6 15. Bxe7
Qxe7 16. Rdg1 Kh7 17. Kb1 Bd7 18. Ne1 Nf6 19. Bg4 Bh8 20. f3 Rg8 21. Nb5 Nxg4
22. hxg4 Bxb5 23. cxb5 Bf6 24. a4 b6 25. Rh3 Bg5 26. Rgh1 Rg6 27. Ng2 Kg7 28.
Qc2 Rf8 29. Ka2 Rf7 30. R1h2 Qd7 31. Qc1 Qe7 32. Ne1 Qd7 33. Nd3 Qe7 34. b4 axb4
35. Nxb4 Qd7 36. Na6 Bd8 37. Qh1 Bg5 38. Ka3 Qe8 39. Rc2 Bd8 40. Qh2 Qh8 41. Rc1
Qe8 42. Rh5 Qd7 43. Rh1 Bg5 44. Rxg5 hxg5 45. Qh8# 1-0